000 00957nam a2200253Ia 4500
005 20240530104313.0
008 140319s2004 xx 000 0 ara d
020 _a9953670242
040 _aGCL /
_cGCL
082 0 4 _a923.1 /
_bم ح
100 1 _aكلينتون, بل
245 1 0 _aحياتى MY LIFE /
_cتاليف كلينتون, بل ؛ مترجم محمد توفيق البجيرمى ، وليد شحادة ؛ مراجع وليد شحادة
250 _aالاولى
260 _aبيروت :
_bالحوار الثقافى ،
_c2004
300 _a1103 ؛
_c24 سم
650 0 4 _aالتراجم الذاتية
650 0 4 _aرؤساء الجمهورية
650 0 4 _aبل كلينتون
700 _aمحمد توفيق البجيرمى
_eمترجم
700 _aوليد شحادة
_eمترجم
700 _aمجير ماجد الغمرى
_eمراجع
942 _2ddc
_cBK
999 _c46326
_d46326